Organisational Behaviour. (Record no. 348711)
[ view plain ]
| 000 -LEADER | |
|---|---|
| fixed length control field | 00568 a2200205 4500 |
| 003 - CONTROL NUMBER IDENTIFIER | |
| control field | OSt |
| 005 - DATE AND TIME OF LATEST TRANSACTION | |
| control field | 20180116182928.0 |
| 008 - FIXED-LENGTH DATA ELEMENTS--GENERAL INFORMATION | |
| fixed length control field | 170808b xxu||||| |||| 00| 0 eng d |
| 020 ## - INTERNATIONAL STANDARD BOOK NUMBER | |
| International Standard Book Number | 9780074710395 |
| 022 ## - INTERNATIONAL STANDARD SERIAL NUMBER | |
| International Standard Serial Number | 9780074710395 |
| 040 ## - CATALOGING SOURCE | |
| Transcribing agency | 0 |
| 082 ## - DEWEY DECIMAL CLASSIFICATION NUMBER | |
| Classification number | 302.35 MCS 2003 |
| 100 ## - MAIN ENTRY--PERSONAL NAME | |
| Personal name | Steven Mcshane. |
| 245 ## - TITLE STATEMENT | |
| Title | Organisational Behaviour. |
| Remainder of title | On the Pacific Rim. |
| Statement of responsibility, etc. | Steven Mcshane. |
| 260 ## - PUBLICATION, DISTRIBUTION, ETC. | |
| Place of publication, distribution, etc. | Australia. |
| Name of publisher, distributor, etc. | McGraw Hill. |
| Date of publication, distribution, etc. | 2003. |
| 300 ## - PHYSICAL DESCRIPTION | |
| Extent | 672p. |
| Other physical details | pb |
| 440 ## - SERIES STATEMENT/ADDED ENTRY--TITLE | |
| Title | Organisational Behaviour. |
| 500 ## - GENERAL NOTE | |
| General note | Paper Cover. |
| 942 ## - ADDED ENTRY ELEMENTS (KOHA) | |
| Institution code [OBSOLETE] | NBS |
| Koha item type | Book |
| Call number prefix | 302.35 MCS 2003 |
| Source of classification or shelving scheme | |
| Withdrawn status | Lost status | Damaged status | Not for loan | Permanent Location | Current Location | Date acquired | Total Checkouts | Full call number | Barcode | Date last seen | Date last checked out | Price effective from | Koha item type | Source of classification or shelving scheme | Shelving location |
|---|---|---|---|---|---|---|---|---|---|---|---|---|---|---|---|
| Central Library (CL) | Central Library (CL) | 08/28/2013 | 3 | 302.35 MCS | NBSD-767 | 11/22/2017 | 08/08/2017 | 08/28/2013 | Book | ||||||
| Central Library (CL) | Central Library (CL) | 08/08/2017 | 1 | 302.35 MCS | NBS7295 | 11/22/2017 | 08/08/2017 | 08/08/2017 | Book | General Stacks |
